Engendering the peace process in Burundi /

Disimpan dalam:
Butiran Bibliografi
Pengarang-pengarang Lain: George, Christiana.
Format: Buku
Bahasa:English
Diterbitkan: Geneva : Femmes Africa Solidarité (FAS), [2001]
Siri:Women's best practices in Africa.
Subjek-subjek:
Penanda-penanda: Tambah Penanda
Tiada Penanda, Jadilah orang pertama menanda rekod ini!
LEADER 00949nam a2200289Ia 4500
001 009359570-0
005 20050607114846.0
008 050422s2001 sz a b 000 0 eng d
020 |a 2940233047 
035 0 |a ocm59281924 
040 |a TEF  |c TEF 
043 |a f-bd--- 
090 |a JZ5578.2.B94  |b E54 2001 
245 0 0 |a Engendering the peace process in Burundi /  |c [information compiled by Christiana George]. 
260 |a Geneva :  |b Femmes Africa Solidarité (FAS),  |c [2001] 
300 |a 85 p. :  |b ill. ;  |c 21 cm. 
490 1 |a Women's best practices in Africa,  |x 1424-425X 
500 |a "August 2001"--P. [2] of cover. 
504 |a Includes bibliographical references (p. 70). 
650 0 |a Women and peace  |z Burundi. 
650 0 |a Cooperation  |z Burundi. 
650 0 |a Conflict management  |z Burundi. 
650 0 |a Peace. 
700 1 |a George, Christiana. 
830 0 |a Women's best practices in Africa.  |x 1424-425X 
988 |a 20040511 
906 |0 OCLC